Financial highlights

שמור ב:
מידע ביבליוגרפי
פורמט: ספר
שפה:Undetermined
יצא לאור: Hawaii Castle & Cooke, Inc 1975
נושאים:
תגים: הוספת תג
אין תגיות, היה/י הראשונ/ה לתייג את הרשומה!
Thư viện lưu trữ: Trung tâm Học liệu Trường Đại học Cần Thơ
LEADER 00411nam a2200157Ia 4500
001 CTU_81545
008 210402s9999 xx 000 0 und d
082 |a 338.7 
082 |b F491 
245 0 |a Financial highlights 
260 |a Hawaii 
260 |b Castle & Cooke, Inc 
260 |c 1975 
650 |a Finacial,Periodicals 
904 |i Trọng Hải 
980 |a Trung tâm Học liệu Trường Đại học Cần Thơ